000 00298nam a2200133Ia 4500
005 20251222155157.0
008 251222s9999||||xx |||||||||||||| ||spa||
082 _aADM. 15
100 _aHOSPITALAR, Q.
245 0 _aQualidade Hospitalar
250 _a1ra. ed.
264 _bMemisa
942 _cLIB
999 _c39785
_d39785